000 00526nam a2200133Ia 4500
008 231129s2006||||xx |||||||||||||| ||spa||
020 _a958-623-084-8
040 _bspa
082 _a306.745 P699p
245 0 _aPlan de Acción Nacional para la Prevención y Erradicación de la Explotación Sexual Comercial de Niños Niñas y Adolescentes menores de 18 años (ESCNNA) 2006 - 2011
260 _c2006
264 _aInstituto Colombiano de Bienestar Familiar : UNICEF
942 _2ddc
_cBKS
999 _c22797
_d22797